Three stars (Record no. 156672)

MARC details
000 -LEADER
fixed length control field 02573cgm a2200541 a 4500
001 - CONTROL NUMBER
control field vtls003257289
003 - CONTROL NUMBER IDENTIFIER
control field MY-SjTCS
005 - DATE AND TIME OF LATEST TRANSACTION
control field 20200226115946.0
007 - PHYSICAL DESCRIPTION FIXED FIELD--GENERAL INFORMATION
fixed length control field vd cvairu
008 - FIXED-LENGTH DATA ELEMENTS--GENERAL INFORMATION
fixed length control field 140819t20132010nyu094 s00 vueng d
039 #9 - LEVEL OF BIBLIOGRAPHIC CONTROL AND CODING DETAIL [OBSOLETE]
Level of rules in bibliographic description 201409191755
Level of effort used to assign nonsubject heading access points shuhada
Level of effort used to assign subject headings 201409191753
Level of effort used to assign classification shuhada
Level of effort used to assign subject headings 201409191741
Level of effort used to assign classification shuhada
Level of effort used to assign subject headings 201409191740
Level of effort used to assign classification shuhada
-- 201408191135
-- malathy
041 1# - LANGUAGE CODE
Language code of text/sound track or separate title eng
-- dut
-- fre
-- ger
-- ita
-- jpn
-- spa
Language code of subtitles eng
082 04 - DEWEY DECIMAL CLASSIFICATION NUMBER
Classification number 641.5092273
Item number THR 2013
245 00 - TITLE STATEMENT
Title Three stars
Medium [videorecording] /
Statement of responsibility, etc. a documentary by Lutz Hachmeister ; HMR Producktion in co-production with Arte, WDR, NDR ; producer, Lutz Hachmeister.
246 3# - VARYING FORM OF TITLE
Title proper/short title 3 stars
246 1# - VARYING FORM OF TITLE
Display text Title on container:
Title proper/short title Three stars :
Remainder of title a culinary documentary
250 ## - EDITION STATEMENT
Edition statement Widescreen.
260 ## - PUBLICATION, DISTRIBUTION, ETC.
Place of publication, distribution, etc. [New York] :
Name of publisher, distributor, etc. First Run Features,
Date of publication, distribution, etc. [2013?]
300 ## - PHYSICAL DESCRIPTION
Extent 1 videodisc (94 min.) :
Other physical details sd., col. ;
Dimensions 4 3/4 in.
500 ## - GENERAL NOTE
General note Originally released as a motion picture in 2010.
500 ## - GENERAL NOTE
General note Documentary.
508 ## - CREATION/PRODUCTION CREDITS NOTE
Creation/production credits note Camera, Hajo Schomerus, Dirk Wojcik ; editors, Mechthild Darth, Christian Wagener.
511 0# - PARTICIPANT OR PERFORMER NOTE
Participant or performer note Narrator, Deborah Friedman ; participants, Jean-Georges Vongerichten, René Redzepi, Yannick Alléno, Nadia Santini, Olivier Roellinger, Sergio Herman, Sven Elverfeld, Hideki Ishikawa, Juan Mari, Elena Arzak.
520 ## - SUMMARY, ETC.
Summary, etc. Through profiles of ten world-class chefs, viewers will learn about the everyday drama that accompanies working in a gourmet restaurant. Includes interviews and behind-the-scenes footage of a world-renowned chef's culinary process, from working in gastronomic laboratories, hunting for ingredients in local markets, and gathering rare edible plants on coastal shores.
538 ## - SYSTEM DETAILS NOTE
System details note DVD; NTSC; widescreen presentation.
546 ## - LANGUAGE NOTE
Language note In English, Dutch, French, German, Italian, Japanese, and Spanish with English subtitles.
650 #0 - SUBJECT ADDED ENTRY--TOPICAL TERM
Topical term or geographic name entry element Cooks.
650 #0 - SUBJECT ADDED ENTRY--TOPICAL TERM
Topical term or geographic name entry element Restaurants.
650 #0 - SUBJECT ADDED ENTRY--TOPICAL TERM
Topical term or geographic name entry element Cooking.
650 #0 - SUBJECT ADDED ENTRY--TOPICAL TERM
Topical term or geographic name entry element Food.
700 1# - ADDED ENTRY--PERSONAL NAME
Personal name Hachmeister, Lutz.
9 (RLIN) 71424
700 1# - ADDED ENTRY--PERSONAL NAME
Personal name Vongerichten, Jean-Georges.
9 (RLIN) 71425
700 1# - ADDED ENTRY--PERSONAL NAME
Personal name Redzepi, René.
9 (RLIN) 71426
700 1# - ADDED ENTRY--PERSONAL NAME
Personal name Alléno, Yannick.
700 1# - ADDED ENTRY--PERSONAL NAME
Personal name Santini, Nadia.
700 1# - ADDED ENTRY--PERSONAL NAME
Personal name Roellinger, Olivier,
Dates associated with a name 1955-
9 (RLIN) 71431
700 1# - ADDED ENTRY--PERSONAL NAME
Personal name Herman, Sergio.
9 (RLIN) 71427
700 1# - ADDED ENTRY--PERSONAL NAME
Personal name Elverfled, Sven.
700 1# - ADDED ENTRY--PERSONAL NAME
Personal name Ishikawa, Hideki.
700 1# - ADDED ENTRY--PERSONAL NAME
Personal name Arzak, Juan Mari.
9 (RLIN) 71428
700 1# - ADDED ENTRY--PERSONAL NAME
Personal name Arzak, Elena.
710 2# - ADDED ENTRY--CORPORATE NAME
Corporate name or jurisdiction name as entry element HMR Produktion.
710 2# - ADDED ENTRY--CORPORATE NAME
Corporate name or jurisdiction name as entry element Westdeutscher Rundfunk.
9 (RLIN) 20057
710 2# - ADDED ENTRY--CORPORATE NAME
Corporate name or jurisdiction name as entry element Norddeutscher Rundfunk.
9 (RLIN) 71429
710 2# - ADDED ENTRY--CORPORATE NAME
Corporate name or jurisdiction name as entry element First-Run Features (Firm)
9 (RLIN) 58567
710 2# - ADDED ENTRY--CORPORATE NAME
Corporate name or jurisdiction name as entry element Arte (Firm)
9 (RLIN) 71430
920 ## - Programme
Programme SHT : 213119
Holdings
Withdrawn status Lost status Source of classification or shelving scheme Damaged status Not for loan Home library Current library Date acquired Total Checkouts Barcode Date last seen Date last checked out Copy number Koha item type Public note
    Dewey Decimal Classification     Taylor's Library-TU Taylor's Library-TU 18/09/2014 1 1000534021 05/12/2019 15/01/2018 1 Media Resources SCAFS,30042,03,RA